Mitkä kirjaimet kattavat suurimmat pinta-alat? - 3 elämää - Statistics

Yleistilastot
  • Tätä visaa on pelattu 1 043 kertaa
  • Keskiarvotulos 7 / 10
Vastaustilastot
km² Kirjain % Oikein
15 073 436 A
87%
28 536 522 K
87%
18 606 519 V
78%
7 872 472 I
73%
11 028 637 B
65%
7 002 917 S
65%
10 070 285 Y
61%
8 834 178 M
59%
5 013 825 E
52%
4 543 636 T
44%
Ehtoja vastaavia visoja ei löytynyt
Tulosjakauma
Jokaisen tuloksen saaneiden osuus
Persentiili vastausten määrän mukaan
Tuloshistoriasi
Et ole pelannut tätä visaa